Les 15 meilleurs joueurs de l'histoire du foot - Statistiques

Statistiques générales
  • Ce quiz a été pris 1 734 fois
  • Le résultat moyen est 8 sur 15
Statistiques - réponses
Hint Réponse % Correct
2 Cristiano Ronaldo
99%
1 Lionel Messi
99%
3 Pelé
90%
4 Diego Maradona
84%
8 Zinédine Zidane
84%
13 Ronaldinho
72%
12 neymar jr
66%
5 Johan Cruyff
50%
10 Michel Platini
48%
6 Ronaldo Nazario
38%
11 Paolo Maldini
37%
9 Franz Beckenbauer
26%
15 van basten
25%
7 di stephano
22%
14 romario
11%
Aucun quiz correspondant
Distribution des résultats
% des personnes avec chaque résultat
Percentile par nombre de réponses
Votre historique - résultats
Vous n’avez pas pris ce quiz